[Event "Santa Rosa op 3rd"]
[Site "Santa Rosa"]
[Date "2018.07.08"]
[Round "3.12"]
[White "Ruiz, Pablo"]
[Black "Godoy, Juan Cruz"]
[Result "1-0"]
[WhiteElo "1746"]
[BlackElo "1537"]
[PlyCount "63"]
[EventDate "2018.07.07"]
[EventType "swiss"]
[EventRounds "6"]
[EventCountry "ARG"]
[SourceTitle "EXT 2024"]
[Source "ChessBase"]
[SourceDate "2023.10.10"]
[SourceVersion "1"]
[SourceVersionDate "2023.10.10"]
[SourceQuality "1"]

1. e4 g6 2. Nf3 Bg7 3. d4 e6 4. c4 Ne7 5. Nc3 a6 6. Be2 c6 7. 0-0 b5 8. c5 Bb7 9. e5 b4 10. Ne4 0-0 11. Nd6 Ra7 12. Bg5 h6 13. Bh4 g5 14. Bg3 f5 15. Qc2 f4 16. Bd3 fxg3 17. fxg3 Nc8 18. Ne4 a5 19. h4 d5 20. cxd6 Ba8 21. Nc5 Qb6 22. Nxe6 g4 23. Nxf8 gxf3 24. Bc4+ Kxf8 25. Rxf3+ Ke8 26. Qg6+ Kd8 27. Qe6 Qxd4+ 28. Kh2 Qxe5 29. Rf8+ Bxf8 30. Qxe5 Bxd6 31. Rd1 Rd7 32. Qxa5+ 1-0

[Event "Santa Rosa op 3rd"]
[Site "Santa Rosa"]
[Date "2018.07.07"]
[Round "2.8"]
[White "Godoy, Juan Cruz"]
[Black "Saitua, Guillermo Alberto"]
[Result "0-1"]
[WhiteElo "1537"]
[BlackElo "2015"]
[PlyCount "60"]
[EventDate "2018.07.07"]
[EventType "swiss"]
[EventRounds "6"]
[EventCountry "ARG"]
[SourceTitle "EXT 2024"]
[Source "ChessBase"]
[SourceDate "2023.10.10"]
[SourceVersion "1"]
[SourceVersionDate "2023.10.10"]
[SourceQuality "1"]

1. d4 Nf6 2. c4 c5 3. d5 e6 4. Nc3 exd5 5. cxd5 d6 6. e4 g6 7. Nf3 Bg7 8. Be2 0-0 9. 0-0 a6 10. a4 Re8 11. Nd2 Nbd7 12. f3 Qc7 13. Rb1 b6 14. Re1 Rb8 15. Nf1 c4 16. Be3 b5 17. axb5 axb5 18. Qc1 Nc5 19. Bxc5 Qxc5+ 20. Kh1 Bd7 21. Nd1 Rec8 22. Qe3 Qc7 23. g4 Qa5 24. Qd2 b4 25. Nde3 c3 26. bxc3 bxc3 27. Qc1 Rxb1 28. Qxb1 c2 29. Qc1 Qc3 30. Ba6 Qxe1 0-1